US States with the Lowest Minimum Wage - Statistics

General Stats
  • This quiz has been taken 41 times
  • The average score is 24 of 30
Answer Stats
Minimum Wage Answer % Correct
$7.25 Alabama
94%
$7.25 Mississippi
92%
$7.25 South Carolina
92%
$7.25 Texas
92%
$7.25 Kansas
89%
$7.25 Oklahoma
89%
$2.63 Arkansas
86%
$7.25 Georgia
86%
$7.25 Kentucky
86%
$7.25 North Carolina
86%
$7.25 North Dakota
86%
$2.62 West Virginia
86%
$7.25 Wyoming
86%
$7.25 Idaho
83%
$3.35 Idaho
83%
$3.00 New Mexico
83%
$7.25 Tennessee
83%
$7.25 Utah
83%
$7.25 Indiana
81%
$7.25 Iowa
81%
$7.25 New Hampshire
81%
$3.27 New Hampshire
81%
$7.25 Pennsylvania
75%
$2.83 Pennsylvania
75%
$7.25 Wisconsin
75%
$2.33 Wisconsin
75%
$7.25 Louisiana
67%
$3.63 Maryland
67%
$3.89 Rhode Island
61%
$2.23 Delaware
56%
No matching quizzes found
Score Distribution
Percent of People with Each Score
Percentile by Number Answered
Your Score History
You have not taken this quiz